000 00415nam a2200181Ia 4500
005 20250423100338.0
008 250422s9999 xx 000 0 und d
020 _a9780290337
050 _aKP 100 .G5/
100 _aKodilinye, Gilbert
245 0 _aNigerian law ot torts
260 _aIbadan
260 _bSpectrum Book Ltd
260 _c2012
300 _a328 p
650 _atorts- Nigeria
942 _cBK
999 _c33026
_d33026